| 000 | 00364cam a2200145ua 4500 | ||
|---|---|---|---|
| 082 |
_a510.3 _bJAM/MA |
||
| 100 |
_a. _91614 |
||
| 245 | 0 | 0 | _aMathematics Dictionary / |
| 250 | _a1 / | ||
| 260 |
_aNew Delhi : _bC B S Publishers & Distributers , _c1988. |
||
| 300 | _a509 ; . | ||
| 700 | 1 |
_aJames, Glenn _91615 |
|
| 700 | 1 |
_aJames, Robert C . _91616 |
|
| 942 | _cREF | ||
| 999 |
_c10197 _d10197 |
||